000 00572nam a2200193Ia 4500
005 20250508164857.0
008 008 250505s9999 xx 000 0 eng d
037 _aDissertations
040 _aFEDL
_beng
_cFEDL
041 _aeng
_2eng
084 _a371.1, GOM/DI
_qFEDL
100 _aGomes Meghna Elvira
_9779409
245 0 _aExploring the phenomena of stress and coping among school teachers
260 _c2004
300 _a126p.
546 _aM.Ed. Dissertation, (Delhi University)
942 _cDIS
_h371.1, GOM/DI
999 _c1391752
_d1391752